00698nam a22002055u 450000100060000000300080000600500170001400800410003103500190007204000310009104100130012208200210013510000340015624501190019026000470030930000200035649000480037665000200042483000480044435951BD-RjUL20211209052416.0140612s1962 enk 000 0 eng d a(BD-RjUL)36048 aUkOxUbengcUkOxUdBD-RjUL1 aenghund a321.07bSKP 19521 aSkemp, J. B.q(Joseph Bright)10aPlato's statesman :bA translation of the Politicus of Plato with introductory essays and footnote /c J. B. Skemp aLondon :bRoutledge and Kegan Paul,c1952. a244 p. ;c22 cm1 aRare masterpieces of philosophy and science aPlato Statesman 0aRare masterpieces of philosophy and science